00446nam a2200145Ia 4500008004100000100002400041245003300065260002100098500002400119650001200143700002700155942000700182952009400189999001700283230524s9999 xx 000 0 und d aNeil Matthew924337 0aLinux Programming Beginning aNEW DELHIbWiley aQuantity Number: 1 aComp-Sc a Richard Stones924338 cBK 00104070aTATCLbTATCLcGENd2023-05-24l0p14487r2023-05-24w2023-05-24yBKzBSCP2201 c35909d35909